000 00458nam a2200181 a 4500
001 1758022912005
003 YourLibrary
005 20250916172840.0
008 250916s2010##################000#0#eng##
020 _a9781847946416
082 0 4 _a152
_bDAW
100 1 _aVarious,
_eauthor.
245 1 0 _aSimple Pleasures :
260 _bRandom House,
_c2010.
650 0 _aLiterary Collections.
942 _cENGLISH
040 _aYourLibrary
_beng
_cYourLibrary
999 _c587447
_d587447